Investigations into the determination of hydroxylamine in viscosity-stabilised natural rubber (Record no. 61643)

MARC details
000 -LEADER
fixed length control field 01380nam a2200157Ia 4500
100 ## - MAIN ENTRY--AUTHOR NAME
Personal name Crafts R C
245 #0 - TITLE STATEMENT
Title Investigations into the determination of hydroxylamine in viscosity-stabilised natural rubber
260 ## - PUBLICATION, DISTRIBUTION, ETC. (IMPRINT)
Name of publisher Journal of Natural Rubber Research
Year of publication 1996
300 ## - PHYSICAL DESCRIPTION
Number of Pages 8-Jan
520 ## - SUMMARY, ETC.
Summary, etc The current method for the determination of hydroxylamine in viscosity stabilised (CV) rubber relies on the use of 0.75 M sulphuric acid as the extractant. This work demonstrates that equally complete extraction can be accomplished using much milder extraction conditions. As ion chromatographic method for determining hydroxylamine has been developed and found to give results comparable to the established UV colorimetric method. The new chromotographic procedure has been used to clarify the concept of free hydroxylamine and to test whether the established colorimetric procedure was, indeed, determining free hydroxylamine. The opportunity has also been taken to establish whether the newer grades of CV rubber now being produced have free and measurable hydroxylamine levels comparable with those of the established gades. Preliminary attempts to extend the work to vulcanised compounds are also described.
650 ## - SUBJECT ADDED ENTRY--TOPICAL TERM
Topical Term Hydroxylamine
650 ## - SUBJECT ADDED ENTRY--TOPICAL TERM
Topical Term Viscosity-stabilised natural rubber
700 ## - ADDED ENTRY--PERSONAL NAME
Personal name Davey J E
942 ## - ADDED ENTRY ELEMENTS (KOHA)
Koha item type Journals
Holdings
Withdrawn status Lost status Damaged status Not for loan Home library Current library Shelving location Date acquired Serial Enumeration / chronology Koha item type
      Journals RRII Library RRII Library Rubber chemistry 17/12/2021 Volume 11, Issue 1 Journals